000 00299 a2200121 4500
001 48509
040 _cAnchieta - Bela Vista
100 _aFeliciani, Mario Rui
240 1 0 _aO livro das combinações
_lpor
245 1 0 _aO livro das combinações
650 4 _aLiteratura infanto-juvenil
942 _cBK
999 _c48509
_d48509